| 000 | 00688nam a2200229 a 4500 | ||
|---|---|---|---|
| 001 | 68370 | ||
| 003 | BD-RjUL | ||
| 005 | 20211209081748.0 | ||
| 008 | 170402r19851921enka b 001 0 eng c | ||
| 035 | _a(BD-RjUL)68580 | ||
| 040 |
_aU.S. Dept. of agr. Library _cTNJ _dBD-RjUL _beng |
||
| 041 | _aeng | ||
| 082 |
_223 _a633.11 _bPEW 1985 |
||
| 100 | 1 |
_aPercival, John, _d1863-1949. _9202698 |
|
| 245 | 1 | 4 |
_aThe wheat plant : _ba monograph / _cby John Percival. |
| 260 |
_aLondon : _bDuckworth and co., _cc1921 [reprint 1985] |
||
| 300 |
_ax, 463 p. : _bill. ; _c26 cm. |
||
| 504 | _aIncludes bibliography and index | ||
| 650 | 0 |
_aWheat. _9202699 |
|
| 942 |
_2ddc _cBK |
||
| 999 |
_c68370 _d68370 |
||